000 04409cam a22012134i 4500
003 PE-LiUPU
005 20250813185609.0
008 150706s2011 ag a rb 000 0 spa d
020 _a9506415927
020 _a9789506415921
035 _a(Sirsi) i9789506415921
040 _aPE-LiUPU
_bspa
_cPE-LiUPU
_erda
049 _aPRUA
082 0 4 _a332
_bB21
_221
100 1 _aBaños, Ariel,
_eautor.
245 1 4 _aLos secretos de los precios :
_bde los dos lados del mostrador /
_cAriel Baños.
264 1 _aBuenos Aires :
_bGranica,
_c2011.
300 _a175 páginas :
_bilustraciones ;
_c22 cm.
336 _atext
_2rdacontent
337 _aunmediated
_2rdamedia
338 _avolume
_2rdacarrier
504 _aIncluye bibliografía.
505 0 _aEl ABC de los precios -- Quiero fijar un precio, ¿por dónde empiezo? -- ¿Por que son importantes las decisiones de precios? -- ¿Qué precio tiene mi trabajo? -- El arte de las promociones y descuentos -- Promociones exitosas: seis claves para generar el máximo impacto -- Pautas fundamentales para no arrepentirse de un ajuste de precios -- Cobrar según la cara -- Gratis, la palabra mágica -- Descuentos para desempleados -- Descuentos por mensaje de texto -- El auto más barato del mundo -- El efecto dos por uno -- El recurso "damas gratis" -- ¿Es posible vender a precios bajos y mantener la rentabilidad? -- Fiebre de liquidación -- Liquidaciones top secret -- ¿Quiere saber el precio? dígame la hora -- Piquete a los precios -- Precios para animarse en Internet -- Happy hour -- Vender después de una oferta -- ¿Recargo o descuento? -- Teatros a mitad de precio -- Barbie polémica -- El estrés de las promociones -- Diseñar estrategias de precios -- Estrategias de precios para bolsillos flacos -- Este negocios, ¿vende caro o barato? -- Todo depende -- Fútbol: ¿qué precio tiene la pasión? -- La temperatura de los precios -- Literatura gratis en la Web -- Los increíbles límites de precio -- Tendencias -- Póngale el precio usted mismo -- Freeconomics: ¿Es negocio lo gratuito? -- Cuando un centavo es demasiado caro -- ¿Juega Messi?: El revenue management aplicado a los espectáculos -- Precios "a la carta" -- Restaurantes donde el precio lo decide el cliente -- Nuevas estrategias de precios como solución a problemas públicos -- Hacia la profesionalización de las decisiones de precios.
526 _aP202
526 _aP201
526 _aP163
526 _aP162
526 _aP161
526 _aP160
526 _aP148
526 _aP147
526 _aP146
526 _aP145
526 _aP144
526 _aP143
526 _aP142
526 _aP141
526 _aP140
526 _aP139
526 _aP138
526 _aP137
526 _aP136
526 _aP135
526 _aP134
526 _aP133
526 _aP129
526 _aP128
526 _aP127
526 _aP120
526 _aP119
526 _aP118
526 _aP116
526 _aP115
526 _aP114
526 _aP110
526 _aP109
526 _aP108
526 _aP104
526 _aP103
526 _aP102
526 _aP99
526 _aP98
526 _aP97
526 _aP96
526 _aP95
526 _aP93
526 _aP90
526 _aP89
526 _aP88
526 _aP83
526 _aP82
526 _aP62
526 _aP59
526 _aP58
526 _aP57
526 _aP51
526 _aP49
526 _aP48
526 _aP47
526 _aP29
526 _aP24
526 _aP20
526 _aP19
526 _aP17
526 _aP15
526 _aP14
526 _aP12
526 _aP10
526 _aP09
526 _aP08
526 _aP07
526 _aP06
526 _aP05
526 _aP04
526 _aP01
541 _g030-0010718;
650 0 4 _aEconomía finanaciera.
910 _agl
_clch
_d20110120
942 _2ddc
_cBOOK
949 _a332 B21
_wDEWEY
_c1
_i64202
_lCCODEBUL1
_mBUL
_p13.00
_r0
_sY
_tBOOK
_u2015-7-6
_xFCE
_PP04
_o.STAFF. Colección General
994 _aC0
_bPEPRU
596 _a1
999 _a332 B21
_wDEWEY
_c53028
_i64202
_d53028
_f2021-11-5
_g6
_lCCODEBUL1
_mBUL
_p13.00
_q1
_r0
_sY
_tBOOK
_u2015-7-6
_xFCE
_zP04
_0COMPRA
_o.STAFF. Colección General
980 _81
_gALBERTO SANCHEZ Responsable de Automatización